Statistics for The Ultimate Star Wars Quiz (Canon Only)

Click here to take the quiz!

General Stats

  • This quiz has been taken 750 times
    (749 since last reset)
  • The average score is 11 of 25

Answer Stats

HintAnswer% Correct
What planet did the Skywalkers grow up on?Tatooine
98%
What was the capital of the Old Republic and the Empire?Coruscant
82%
Who was the final leader of the Republic and the Empire?Palpatine
77%
What was the first Alliance BaseYavin
77%
What battle is recorded history based off of?Yavin
77%
What was the second Alliance BaseHoth
73%
In what region was it located in?Outer Rim
73%
Who destroyed the Sith?Darth Vader
62%
Who owned a castle in The Force Awakens?Maz
60%
What planet did Obiwan kill General Grevious?Utapau
57%
What year did the Galactic Empire rise to power?19 BBY
49%
What was Finn's stormtrooper configuration?FN-2187
48%
What was Skywalker's last name originally going to be?Starkiller
48%
What planet was it located on?Takodana
41%
What system did the final battle of the Civil War take place?Jakku
28%
Which system was the New Republic's capital?Hosnian
26%
What was going to be the Alliance's third base?D'qar
19%
How long did the Civil War last?5 years
16%
Rey lived outside of what city on Jakku?Niima Outpost
12%
What year was the Old Republic founded?25,000 BBY
9%
Which planet was the first capital of the New Republic?Chandrila
9%
What system does the Resistance operate in?Ileenium
4%
What treaty crippled the Galactic Empire's power?Galactic Concordance
3%
Who was the Chancellor of the New Republic in "The Force Awakens?"Lanever Villecham
3%
What was the name of the frigate Ackbar was on in Episode VI?Redemption
2%

Score Distribution

Percentile by Number Answered

Percent of People with Each Score

Your Score History

You have not taken this quiz since the last reset